| 000 | 00746nam a2200253Ia 4500 | ||
|---|---|---|---|
| 003 | OSt | ||
| 005 | 20220928105334.0 | ||
| 006 | a|||||r|||| 00| 0 | ||
| 007 | ta | ||
| 008 | 220927b |||||||| |||| 00| 0 eng d | ||
| 020 | _cINR 399.00 | ||
| 024 | _a133024 | ||
| 037 |
_b0270, 08/03/2017, Bookwell Publications _cTextual |
||
| 040 |
_aSDCL _cSDCL _beng |
||
| 041 |
_2eng _aeng |
||
| 082 | _aO-,3, M8 LR | ||
| 100 |
_aMarquez Gabriel Garcia _9394802 |
||
| 245 | 0 | _aLove in the time of Cholera | |
| 260 |
_aGurgaon _bPenguin _c1988 |
||
| 300 |
_a348p. _ccm. |
||
| 650 | _aReference | ||
| 942 |
_hO-,3, M8 LR _cTEXL _2CC |
||
| 999 |
_c730674 _d730674 |
||